000 00325nam a22001457a 4500
020 _a978-81-82614-247-8
082 _a894.812.3
_bMUH/K
100 _aMUHAMMED K.T
245 _aKETEYUDE NALU NADAKANGAM
260 _aKOZHIKODE
_bMATHRUBHUMI BOOKS
_c2008
300 _a244
520 _aNOVEL
650 _aNOVEL
942 _cBK
999 _c5079
_d5079